| 000 | 00403nam a2200121Ia 4500 | ||
|---|---|---|---|
| 008 | 220620s9999||||xx |||||||||||||| ||und|| | ||
| 100 | _aMalm, William P.||Sweeney, Amin | ||
| 245 | 0 | _aStudies in Malaysian Oral and Musical Traditions | |
| 546 | _aEnglish[eng] | ||
| 650 | _aSociology and anthropology | ||
| 856 | _uhttps://library.oapen.org/bitstream/20.500.12657/41866/1/9780472902286.pdf | ||
| 942 | _cEB | ||
| 999 |
_c32865 _d32865 |
||